|
|
|
|
| LEADER |
00000cab a2200000 a 4500 |
| 001 |
036444 |
| 003 |
UAHC_CL |
| 005 |
20170803124004.0 |
| 008 |
030922s1994 cl f 000 spa |
| 040 |
|
|
|a UAHC_CL
|c UAHC_CL
|d UAHC_CL
|
| 100 |
1 |
|
|a Rodríguez Correa, Constanza
|
| 245 |
1 |
0 |
|a Criterios para el desarrollo de software educativo y su aplicación en el aula, a partir de una experiencia para la enseñanza de la lectura /
|c Constanza Rodríguez Correa.
|
| 260 |
|
|
|b Pontificia Universidad Católica de Chile
|c 1997
|a Santiago, Chile
|
| 300 |
|
|
|a p. 295-314
|
| 500 |
|
|
|a En: Pensamiento educativo, nû20, 1997. p. 295-314. ISSN 07171013.
|
| 500 |
|
|
|a En: Pensamiento educativo, n°20, 1997. p. 295-314. ISSN 07171013.
|
| 500 |
|
|
|a En: Pensamiento educativo, nç20, 1997. p. 295-314. ISSN 07171013.
|
| 520 |
|
|
|a El objetivo de este artículo es hacer una reflexión en torno al trabajo con computadores en la educación escolar, los tipos de software que encontramos y su función, los aportes del software educativo para el desarrollo del lenguaje escritorio, la investigación de esta herramienta a la sala de clases y la labor del profesor.\Además, se hace un análisis de la experiencia de desarrollo de un producto específicamente destinado a la enseñanza de la lectura, describiendo los criterios educativos que se consideran para su elaboración y aplicación educativa.
|
| 520 |
|
|
|a El objetivo de este artículo es hacer una reflexión en torno al trabajo con computadores en la educación escolar, los tipos de software que encontramos y su función, los aportes del software educativo para el desarrollo del lenguaje escritorio, la investigación de esta herramienta a la sala de clases y la labor del profesor.\Además, se hace un análisis de la experiencia de desarrollo de un producto específicamente destinado a la enseñanza de la lectura, describiendo los criterios educativos que se consideran para su elaboración y aplicación educativa.
|
| 759 |
|
|
|a PP160
|
| 773 |
0 |
|
|t Revista PRELAC
|w 041234
|
| 900 |
|
|
|a PENSAMIENTO EDUCATIVO-20/97
|
| 942 |
|
|
|c REVA
|
| 952 |
|
|
|0 0
|1 0
|4 0
|6 PENSAMIENTO_EDUCATIVO20_97_000000000000000
|7 0
|8 General
|9 69165
|a BC
|b BC
|c General
|d 2017-08-03
|l 0
|o PENSAMIENTO EDUCATIVO-20/97
|p FICTICIO4825
|r 2019-01-08 00:00:00
|t 1
|w 2017-08-03
|y REVA
|
| 999 |
|
|
|c 36444
|d 36444
|